Jezsuiták a felsőoktatásban
Elmentve itt :
| Szerző: | |
|---|---|
| Dokumentumtípus: | Könyv része |
| Megjelent: |
Szegedi Tudományegyetem
Szeged
2023
|
| Sorozat: | Egyetemtörténeti tanulmányok = Studia ad historiam universitatis
1 A jezsuiták szerepe a kolozsvári felsőoktatásban (1581-1773) 1 |
| Kulcsszavak: | Jezsuita rend története - Kolozsvár - 1581-1773, Felsőoktatás - jezsuita - Kolozsvár - 1581-1773 |
| Tárgyszavak: | |
| doi: | 10.14232/szte.sahu.2023.1.4 |
| Online Access: | http://acta.bibl.u-szeged.hu/82132 |
| LEADER | 01026naa a2200241 i 4500 | ||
|---|---|---|---|
| 001 | acta82132 | ||
| 005 | 20230908123159.0 | ||
| 008 | 230908s2023 hu o 0|| hun d | ||
| 020 | |a 978-963-306-940-0 | ||
| 022 | |a 3003-9320 | ||
| 024 | 7 | |a 10.14232/szte.sahu.2023.1.4 |2 doi | |
| 040 | |a SZTE Egyetemi Kiadványok Repozitórium |b hun | ||
| 041 | |a hun | ||
| 100 | 1 | |a Koronkai Zoltán | |
| 245 | 1 | 0 | |a Jezsuiták a felsőoktatásban |h [elektronikus dokumentum] / |c Koronkai Zoltán |
| 260 | |a Szegedi Tudományegyetem |b Szeged |c 2023 | ||
| 300 | |a 37-45 | ||
| 490 | 0 | |a Egyetemtörténeti tanulmányok = Studia ad historiam universitatis |v 1 | |
| 490 | 0 | |a A jezsuiták szerepe a kolozsvári felsőoktatásban (1581-1773) |v 1 | |
| 650 | 4 | |a Bölcsészettudományok | |
| 650 | 4 | |a Történettudomány és régészet | |
| 695 | |a Jezsuita rend története - Kolozsvár - 1581-1773, Felsőoktatás - jezsuita - Kolozsvár - 1581-1773 | ||
| 856 | 4 | 0 | |u http://acta.bibl.u-szeged.hu/82132/1/egyetemtorteneti_tanulmanyok_001_037-045.pdf |z Dokumentum-elérés |